| 000 | 00436nam a22001577a 4500 | ||
|---|---|---|---|
| 003 | OSt | ||
| 008 | 230221b |||||||| |||| 00| 0 eng d | ||
| 041 | _aeng | ||
| 082 |
_a894.8122 _bDAV/IR |
||
| 100 |
_aDavis, E.D _95376 |
||
| 245 |
_aIrikkappindam kadha parayunnu _bഇരിക്കപിണ്ഡം കഥ പറയുന്നു |
||
| 250 | _a1st | ||
| 260 |
_aThrissur _bGaya Putthakachala _c2019 |
||
| 300 | _a88 | ||
| 942 | _cBK | ||
| 999 |
_c17619 _d17619 |
||